Представление документа в формате RUSMARC

ПолеНазваниеЗначение
  Тип записи a
  Библиографический уровень m
001 Контрольный номер RU/SLIB/B/208741367
005 Дата корректировки 20201206204056.7
010 Индекс ISBN __
d Цена 0-50
101 Язык документа __
a Язык текста rus
200 Заглавие и сведения об ответственности __
a Заглавие Охотник-следопыт
b Общее обозначение материала Текст
210 Выходные данные __
a Место издания М.
c Издательство Физкультура и спорт
d Дата издания 1984
215 Физическое описание __
a Объем 119 с.
606 Тематические рубрики __
a Основная рубрика Охота
610 Ключевые слова __
a Ключевые слова охотоведение
686 Индексы других классификаций __
a Классификационный индекс 47.1
700 Автор __
a Фамилия Руковский
b Имя Н. Н.
4 Код отношения 070
801 Источник записи _0
a Страна RU
b Организация Муниципальное бюджетное учреждение культуры "Централизованная библиотечная система" г. Сургут (Центральная городская библиотека им. А. С. Пушкина)
g Правила каталогизации КиК/Елгина
801 Источник записи _1
a Страна RU
b Организация Муниципальное бюджетное учреждение культуры "Централизованная библиотечная система" г. Сургут (Центральная городская библиотека им. А. С. Пушкина)
g Правила каталогизации КиК/Елгина
852 Данные о местонахождении __
j Шифр хранения 47.1
c Каталожный индекс 47.1
i Авторский знак Р 85
p Инвентарный номер 17712
901 Тип документа __
t Тип документа m
990 Данные о заказе (DOS) __
j Количество экземпляров (DOS) 2